| 000 | 01131nam a22002657a 4500 | ||
|---|---|---|---|
| 005 | 20170124103122.0 | ||
| 010 | _a860933 | ||
| 020 | _c25.00 | ||
| 035 | _a860933 | ||
| 037 | _bCen Lib/Ret | ||
| 040 |
_aDPL _bHN |
||
| 082 |
_a820.8 _bमिश्रउ |
||
| 100 |
_aमिश्र , उर्मिला _982091 |
||
| 245 |
_aआधुनिकता और मोहन राकेश / _cउर्मिला मिश्र |
||
| 246 |
_aAdhunikta aur Mohan rakesh _bby Urmila Mishar |
||
| 260 |
_aवाराणसी _bविश्वविद्यालय प्रकाशन |
||
| 270 |
_aचौक _bवाराणसी |
||
| 300 |
_a206पृष्ठ. _c21सेमी(सजिल्द) |
||
| 500 | _aसहायक ग्रन्थ सूची शामिल | ||
| 650 |
_aहिंदी साहित्य _982092 |
||
| 650 |
_aआधुनिकता और साहित्य विधाएं _982093 |
||
| 650 |
_aHindi literature _982094 |
||
| 650 |
_aModernity and Literature Genres _982095 |
||
| 942 |
_2ddc _cHN _h820.8 _mमिश्रउ |
||
| 999 |
_c118830 _d118830 |
||